Objetivos, políticas y metas sectoriales
Objetivos, políticas y metas sectoriales de desarrollo en Panamá (período 1976-1980) los sectores estudiados son: agropecuario, industrial, pesca,construcción, turismo, comercio, salud, educación, vivienda, electricidad y energía, transporte y comunicaciones. Examina los problemas de cada sector en...
Guardado en:
| Autor Corporativo: | |
|---|---|
| Formato: | Texto |
| Publicado: |
Panamá :
|
| Materias: | |
| Etiquetas: |
Agregar Etiqueta
Sin Etiquetas, Sea el primero en etiquetar este registro!
|
MARC
| LEADER | 00000 a a2200000 04500 | ||
|---|---|---|---|
| 001 | 19614 | ||
| 003 | |||
| 040 | |||
| 090 | |a 078100 | ||
| 110 | |a Panamá. Ministerio de Planificación y Política Económica | ||
| 245 | |a Objetivos, políticas y metas sectoriales | ||
| 260 | |a Panamá : | ||
| 300 | |a 614 p.; v. 2 | ||
| 520 | |a Objetivos, políticas y metas sectoriales de desarrollo en Panamá (período 1976-1980) los sectores estudiados son: agropecuario, industrial, pesca,construcción, turismo, comercio, salud, educación, vivienda, electricidad y energía, transporte y comunicaciones. Examina los problemas de cada sector en relación con las políticas públicas definidas a tres niveles: global, regional y sectorial./ALLV | ||
| 650 | |a PLANIFICACION NACIONAL | ||
| 650 | |a SECTOR AGRICOLA | ||
| 650 | |a SECTOR INDUSTRIAL | ||
| 650 | |a PLANES NACIONALES | ||
| 999 | |c 7444 |d 7444 | ||
